Design Of Concrete : (Record no. 2913)
[ view plain ]
| 000 -LEADER | |
|---|---|
| fixed length control field | 00766nac a22002171u 4500 |
| 020 ## - INTERNATIONAL STANDARD BOOK NUMBER | |
| International Standard Book Number | 8123902182 |
| 082 ## - DEWEY DECIMAL CLASSIFICATION NUMBER | |
| Classification number | 624.1762 |
| Item number | R1377 |
| 090 ## - LOCALLY ASSIGNED LC-TYPE CALL NUMBER (OCLC); LOCAL CALL NUMBER (OCLC) | |
| -- | 2913 |
| -- | 2913 |
| 100 ## - MAIN ENTRY--PERSONAL NAME | |
| Personal name | Raju ,N.Krishna. |
| 245 ## - TITLE STATEMENT | |
| Title | Design Of Concrete : |
| Remainder of title | Mixes / |
| Statement of responsibility, etc | N.Krishna Raju. |
| 250 ## - EDITION STATEMENT | |
| Edition statement | 4thed. |
| 260 ## - PUBLICATION, DISTRIBUTION, ETC. (IMPRINT) | |
| Place of publication, distribution, etc | New Delhi:[2006]. |
| Name of publisher, distributor, etc | CBS Publishers and Distrubutors, |
| Date of publication, distribution, etc | c.[2006] |
| 300 ## - PHYSICAL DESCRIPTION | |
| Extent | 316p.: |
| Other physical details | ill; |
| Dimensions | 22cm. |
| 504 ## - BIBLIOGRAPHY, ETC. NOTE | |
| Bibliography, etc | Includes Index. |
| 650 ## - SUBJECT ADDED ENTRY--TOPICAL TERM | |
| Topical term or geographic name as entry element | Earthquake resistant design. |
| 650 ## - SUBJECT ADDED ENTRY--TOPICAL TERM | |
| Topical term or geographic name as entry element | Reinforced concrete construction. |
| 650 ## - SUBJECT ADDED ENTRY--TOPICAL TERM | |
| Topical term or geographic name as entry element | Wind resistant design. |
| 700 ## - ADDED ENTRY--PERSONAL NAME | |
| Personal name | Raju ,N.krishna. |
| 942 ## - ADDED ENTRY ELEMENTS (KOHA) | |
| Item type | Book - Borrowing |
| Call number prefix | 624.1762R1377 |
| Withdrawn status | Item status | Damaged status | Not for loan | Home library | Current library | Shelving location | Date acquired | Source of acquisition | Total Checkouts | Full call number | Barcode | Date last seen | Cost, replacement price | Koha item type |
|---|---|---|---|---|---|---|---|---|---|---|---|---|---|---|
| Central Library | Central Library | First floor | 07/03/2011 | Purchase | 624.1762 RAJ | 000001381 | 15/07/2025 | 58.00 | Book - Borrowing |